Understanding financial crises
Guardado en:
| Autor principal: | |
|---|---|
| Otros Autores: | |
| Formato: | Libro |
| Lenguaje: | inglés |
| Publicado: |
New York
Oxford University Press
2009
|
| Colección: | Clarendon lectures in finance
|
| Materias: | |
| Etiquetas: |
Sin Etiquetas, Sea el primero en etiquetar este registro!
|
MARC
| LEADER | 00000nam$a2200000$$$4500 | ||
|---|---|---|---|
| 001 | 0107982 | ||
| 005 | 20240306140036.4 | ||
| 020 | |a 978-0-19-925142-1 | ||
| 041 | 0 | |a eng | |
| 044 | |a US | ||
| 245 | 1 | 0 | |a Understanding financial crises |c Franklin Allen and Douglas Gale |
| 264 | 1 | |a New York |b Oxford University Press |c 2009 | |
| 300 | |a 303 s. | ||
| 490 | 1 | |a Clarendon lectures in finance | |
| 830 | 0 | |a Clarendon lectures in finance | |
| 610 | 2 | 0 | |a kríza finančná |
| 610 | 2 | 0 | |a história |
| 610 | 2 | 0 | |a burzy |
| 610 | 2 | 0 | |a porovnanie medzinárodné |
| 610 | 2 | 0 | |a teória kríz |
| 610 | 2 | 0 | |a poistenie |
| 610 | 2 | 0 | |a likvidita |
| 610 | 2 | 0 | |a rovnováha trhová |
| 610 | 2 | 0 | |a banky |
| 610 | 2 | 0 | |a aktíva |
| 610 | 2 | 0 | |a trh finančný |
| 610 | 2 | 0 | |a regulácia |
| 610 | 2 | 0 | |a peniaze |
| 610 | 2 | 0 | |a kríza banková |
| 100 | 1 | |a Allen, Franklin | |
| 700 | 1 | |a Gale, Douglas | |